| 000 | 00741nam a2200169 i 4500 | ||
|---|---|---|---|
| 001 | 164735 | ||
| 003 | ES-MaACL | ||
| 005 | 20230906213007.0 | ||
| 008 | 021107s1858 sp |||| | spa d | ||
| 100 | 1 |
_aSanta María, José. _9132425 |
|
| 245 | 1 | 0 |
_aImportancia de la cultura hispano-vasca : _bdiscurso inaugural pronunciado en la solemne apertura del curso académico de 1858 a 1859 en el Real Seminario Científico-Industrial de Vergara / _cpor José Santa María. |
| 260 |
_aVergara : _bImp. y Lb. de Franco y Compañía, _c1858. |
||
| 300 |
_a37 p. ; _c27 cm. |
||
| 651 | 4 |
_aPaís Vasco- _xCultura. _99148 |
|
| 710 | 2 |
_aReal Seminario de Vergara. _9175638 |
|
| 852 | 4 |
_aES-MaACL _jT-10-F-7 _z- Enc. hol. _z- Enc. en un vol. facticio |
|
| 999 |
_c164735 _d164735 |
||